000 01709nam a22004217a 4500
003 CHAP
005 20220329143937.0
008 121011s2012 mx r 00010 spa d
010 _a104069
011 _a105041
035 _a115733
040 _cCHAP
090 _aTesis
100 1 _aGaray Lizarraga, Fernando
_945591
245 1 0 _aEtiología y manejo quimico de la pudrición del tubérculo de papa (Solanum tuberosum L.) en el Valle del Mayo, Sonora
_h[En línea]
_c/por Fernando Garay Lizarraga
260 _aChapingo, Méx. :
_bEl autor,
_c2012
500 _aPara ver el contenido del material haga clic en la liga
502 _aTesis (M.C. en Protección Vegetal) -- UACH. Departamento de Parasitología Agrícola
590 _aALEPH
_b10
_c20130110
_lUCH01
_h1547
590 _aBATCH-UPD
_b10
_c20130110
_lUCH01
_h0250
590 _aBATCH-UPD
_b10
_c20130110
_lUCH01
_h0310
590 _aBATCH-UPD
_b10
_c20130110
_lUCH01
_h0346
590 _aBATCH-UPD
_b10
_c20130110
_lUCH01
_h0426
590 _aBATCH-UPD
_b10
_c20130409
_lUCH01
_h2151
590 _aBATCH-UPD
_b10
_c20130913
_lUCH01
_h2056
590 _aBATCH-UPD
_b10
_c20140324
_lUCH01
_h1535
590 _aBATCH-UPD
_b10
_c20141002
_lUCH01
_h0856
590 _aCONVERSION
_b10
_c20130109
_lUCH01
_h1357
650 0 4 _aClavibacter michiganensis.
_923721
650 0 4 _aFungicidas.
_944044
650 0 4 _aSolanum tuberosum.
_9108367
650 0 4 _aTubérculos y cultivos de raíz
_xEnfermedades.
_9115483
856 _3Finding aid
_uhttp://10.13.5.2/tesis/115733.pdf
_zTeclea aqui
901 _aBK
942 _cFOLL
949 _aTesis
_bBC
_cTES
_d33724002351413
_eTS1
_h54167
_i115733
_st
949 _aTesis
_bBC
_cTES
_d33724002351454
_eTS2
_fc.2
_h54168
_i115733
_st
999 _c104069
_d104069